Notes on the Ellipsoidal Function

This book focuses on the ellipsoidal function, which serves as an evolution and extension of the circular function (trigonometric function) and elliptic function. It presents an in-depth discussion of the ellipsoidal function (algebra) theory and the conformal mapping (geometry) theory of the ellips...

Full description

Bibliographic Details
Main Author: Liang, Chang-Hong (Author)
Corporate Author: SpringerLink (Online service)
Format: Electronic eBook
Language:English
Published: Singapore : Springer Singapore : Imprint: Springer, 2017.
Subjects:
Online Access:Full Text via HEAL-Link
LEADER 02659nam a22004815i 4500
001 978-981-10-2908-0
003 DE-He213
005 20161125154230.0
007 cr nn 008mamaa
008 161125s2017 si | s |||| 0|eng d
020 |a 9789811029080  |9 978-981-10-2908-0 
024 7 |a 10.1007/978-981-10-2908-0  |2 doi 
040 |d GrThAP 
050 4 |a TK7876-7876.42 
072 7 |a TJFN  |2 bicssc 
072 7 |a TEC024000  |2 bisacsh 
072 7 |a TEC030000  |2 bisacsh 
082 0 4 |a 621.3  |2 23 
100 1 |a Liang, Chang-Hong.  |e author. 
245 1 0 |a Notes on the Ellipsoidal Function  |h [electronic resource] /  |c by Chang-Hong Liang. 
264 1 |a Singapore :  |b Springer Singapore :  |b Imprint: Springer,  |c 2017. 
300 |a XI, 97 p. 28 illus.  |b online resource. 
336 |a text  |b txt  |2 rdacontent 
337 |a computer  |b c  |2 rdamedia 
338 |a online resource  |b cr  |2 rdacarrier 
347 |a text file  |b PDF  |2 rda 
505 0 |a From Circular Integral to Ellipsoidal Integral -- Application Background of Circular Integral -- Application Background of Elliptic Integral -- Application Background of Ellipsoidal Integral -- Ellipsoidal Function Theory -- Conformal Mapping of Ellipsoidal Function -- Network of Ellipsoidal Function -- Application of Ellipsoidal Function. 
520 |a This book focuses on the ellipsoidal function, which serves as an evolution and extension of the circular function (trigonometric function) and elliptic function. It presents an in-depth discussion of the ellipsoidal function (algebra) theory and the conformal mapping (geometry) theory of the ellipsoid function, demonstrating the outstanding performance of the ellipsoid function response filter. Applications of the ellipsoidal function include the capacitance of ellipsoidal conductors and the surface area of ellipsoids, which in turn correspond to ellipsoidal integrals of the first kind and the second kind, respectively. The book offers a valuable reference guide for undergraduates, graduate students and researchers in the related fields. . 
650 0 |a Engineering. 
650 0 |a Mathematical physics. 
650 0 |a Physics. 
650 0 |a Microwaves. 
650 0 |a Optical engineering. 
650 1 4 |a Engineering. 
650 2 4 |a Microwaves, RF and Optical Engineering. 
650 2 4 |a Mathematical Applications in the Physical Sciences. 
650 2 4 |a Mathematical Methods in Physics. 
710 2 |a SpringerLink (Online service) 
773 0 |t Springer eBooks 
776 0 8 |i Printed edition:  |z 9789811029073 
856 4 0 |u http://dx.doi.org/10.1007/978-981-10-2908-0  |z Full Text via HEAL-Link 
912 |a ZDB-2-ENG 
950 |a Engineering (Springer-11647)